ბათუმის შოთა რუსთაველის სახელმწიფო უნივერსიტეტის ბიბლიოთეკა

ქართული ენა : (ბიბ.ჩანაწერი № 53456)

000 -ლიდერი
ფიქსირებული სიგრძის საკონტროლო ველი 01699nam a2200277Ia 4500
001 - საკონტროლო ნომერი
საკონტროლო ველი 20500
003 - საკონტროლო ნომრის იდენტიფიკატორი
საკონტროლო ველი GE_BSU
005 - ბოლო ოპერაციის თარიღი და დრო
საკონტროლო ველი 20210109211721.0
008 - ფიქსირებული სიგრძის მონაცემთა ელემენტები - ზოგადი ინფორმაცია
ფიქსირებული სიგრძის საკონტროლო ველი 181216s1972||||ge |||||||||||||| || ||
040 ## - კატალოგიზაციის წყარო
Transcribing agency GE_BSU
041 ## - ენის კოდი
Language code of text/sound track or separate title geo
080 ## - უნივერსალური ათობითი კლასიფიკაციის ინდექსი
Universal Decimal Classification number 811.353.1-8(075.3=161.1) მ-93
100 ## - მთავარი ჩანაწერი - პიროვნების სახელი
Personal name მუშკუდიანი, ვარლამი
9 (RLIN) 10019
245 ## - ცნობა სათაურის შესახებ
Title ქართული ენა :
Remainder of title სახელმძღვ. საქ. სსრ რუსული სკოლის მე-4 კლასისათვის /
Statement of responsibility, etc ვარლამი მუშკუდიანი, გ. ბერიძე, მ. ჩინჩალაძე ; რედ.: გ. ახალაია, ც. ნევეროვსკაია.
Medium
250 ## - გამოცემის ცნობა
Edition statement მე-2 გამოცემა
264 ## - წარმოების, გამოცემის, დისტრიბუციის და სხვა ცნობები
გამოცემის, წარმოების, დისტრიბუციის... ადგილი თბილისი :
გამოცემის, წარმოების, დისტრიბუციის... სახელწოდება განათლება,
გამოცემის, წარმოების, დისტრიბუციის... თარიღი 1972.
300 ## - ფიზიკური აღწერა
Extent 158 გვ. :
Other physical details ილ. ;
Dimensions 22 სმ.
653 ## - INDEX TERM--UNCONTROLLED
Uncontrolled term სახელმძღვანელო საქართველოს სსრ რუსული სკოლის მე-4 კლასისათვის
653 ## - INDEX TERM--UNCONTROLLED
Uncontrolled term ქართული ენა
700 ## - ADDED ENTRY--PERSONAL NAME
Personal name ბერიძე, გ.
Relator term ავტორი
9 (RLIN) 9824
700 ## - ADDED ENTRY--PERSONAL NAME
Personal name ჩინჩალაძე, მ.
Relator term ავტორი
9 (RLIN) 10020
700 ## - ADDED ENTRY--PERSONAL NAME
Personal name ახალაია, გ.
Relator term რედაქტორი
9 (RLIN) 9826
700 ## - ADDED ENTRY--PERSONAL NAME
Personal name ნევეროვსკაია, ც.
Relator term რედაქტორი
9 (RLIN) 9827
942 ## - ADDED ENTRY ELEMENTS (KOHA)
Koha item type წიგნი
Source of classification or shelving scheme
ეგზემპლარები
ჩამოწერის სტატუსი დაკარგული ეგზემპლარის სტატუსი კლასიფიკაციის წყარო ან თაროზე გაწყობის სქემა დაზიანების სტატუსი არ გაიცემა მუდმივი მდებარეობა (დაცვის ადგილი) ამჟამინდელი ადგილსამყოფელი თაროზე განთავსების ადგილი შეძენის თარიღი ღირებულება, შესყიდვის ნორმალური ფასი სრული შენახვის შიფრი შტრიხკოდი ბოლო ოპერაციის თარიღი ეგზემპლარის მიმდევრობითი ნომერი (კეტერი?) Uniform Resource Identifier ფასის ძალაში შესვლის თარიღი ეგზემპლარის სახეობა საჯარო შენიშვნა
          ბათუმის შოთა რუსთაველის სახელმწიფო უნივერსიტეტის მთავარი ბიბლიოთეკა ბათუმის შოთა რუსთაველის სახელმწიფო უნივერსიტეტის მთავარი ბიბლიოთეკა წიგნსაცავი 2018-12-17 0.20 811.353.1-8(075.3=161.1) მ-93 53504 2018-12-17 53504 53504 2018-12-17 წიგნი 0.20 ლ.
          ბათუმის შოთა რუსთაველის სახელმწიფო უნივერსიტეტის მთავარი ბიბლიოთეკა ბათუმის შოთა რუსთაველის სახელმწიფო უნივერსიტეტის მთავარი ბიბლიოთეკა წიგნსაცავი 2018-12-17 0.22 811.353.1-8(075.3=161.1) მ-93 53505 2018-12-17 53505   2018-12-17 წიგნი 0.22 ლ.